Library of the University of Algiers 3
Ibrahim Sultan Cheibout
شعار جامعة الجزائر 3
مكتبة جامعة الجزائر 3
إبراهيم سلطان شيبوط

البحث العلمي وإستخدام مصادر المعلومات التقليدية والإلكترونية / (رقم التسجيلة. 44331)

تفاصيل مارك
000 -LEADER
fixed length control field 01270nam a2200217Ia 4500
003 - CONTROL NUMBER IDENTIFIER
control field Ost
005 - DATE AND TIME OF LATEST TRANSACTION
control field 20260507075407.0
008 - FIXED-LENGTH DATA ELEMENTS--GENERAL INFORMATION
fixed length control field 260507s9999||||xx |||||||||||||| ||und||
040 ## - CATALOGING SOURCE
Transcribing agency fsecg
041 ## - LANGUAGE CODE
Language code of text/sound track or separate title ara
082 ## - DEWEY DECIMAL CLASSIFICATION NUMBER
Classification number 330
100 ## - MAIN ENTRY--PERSONAL NAME
Personal name قنديلجي، عامر
Relator term مؤلف
245 #0 - TITLE STATEMENT
Title البحث العلمي وإستخدام مصادر المعلومات التقليدية والإلكترونية /
Statement of responsibility, etc. عامر قنديلجي
260 ## - PUBLICATION, DISTRIBUTION, ETC.
Place of publication, distribution, etc. عمان:
Name of publisher, distributor, etc. دار المسيرة,
Date of publication, distribution, etc. 2008
300 ## - PHYSICAL DESCRIPTION
Extent 378 صفحة؛
Other physical details إيضاحات ؛
Dimensions 24 سم
520 ## - SUMMARY, ETC.
Summary, etc. يضم تاريخ البحث العلمي ومستلزماته وأنواعه، خطة البحث العلمي وخطوات إعداده، مناهج البحث العلمي، المعاينة و العينات، إعداد تقرير البحث النهائي المكي، مصادر المعلومات الإلكترونية و الإنترنيت، المواقع البحثية الإلكترونية على الإنترنيت ، توثيق المصادر والمعلومات في تقرير البحث ، إستخدام المكتبة وفهارسها
653 ## - INDEX TERM--UNCONTROLLED
Uncontrolled term البحوث العلمية
653 ## - INDEX TERM--UNCONTROLLED
Uncontrolled term خدمات المعلومات
653 ## - INDEX TERM--UNCONTROLLED
Uncontrolled term طرق البحث
942 ## - ADDED ENTRY ELEMENTS (KOHA)
Koha item type كتب
المقتنيات
Withdrawn status Lost status Source of classification or shelving scheme Damaged status Not for loan Home library Current library Date acquired Serial enumeration / chronology Inventory number Total checkouts Full call number Barcode Date last seen Price effective from Koha item type
    Dewey Decimal Classification   NOT LOAN / إعارة داخلية مكتبة كلية العلوم الإقتصادية والعلوم التجارية وعلوم التسيير مكتبة كلية العلوم الإقتصادية والعلوم التجارية وعلوم التسيير 07/05/2026 الطابق الأرضي 26705   أ/4399ن1 26705 07/05/2026 07/05/2026 كتب
    Dewey Decimal Classification   Available مكتبة كلية العلوم الإقتصادية والعلوم التجارية وعلوم التسيير مكتبة كلية العلوم الإقتصادية والعلوم التجارية وعلوم التسيير 07/05/2026 الطابق الأرضي 26706   أ/4399ن2 26706 07/05/2026 07/05/2026 كتب
    Dewey Decimal Classification   Available مكتبة كلية العلوم الإقتصادية والعلوم التجارية وعلوم التسيير مكتبة كلية العلوم الإقتصادية والعلوم التجارية وعلوم التسيير 07/05/2026 الطابق الثاني 26707   أ/4399ن3 26707 07/05/2026 07/05/2026 كتب

موارد الويب المفتوحة


© University of Algiers 3 All Rights Reserved
|
Implemented by LECHELAH Riad